WILDLIFE ECOLOGY AND MANAGEMENT (Registro nro. 23783)
[ vista simple ]
| 000 -LEADER | |
|---|---|
| fixed length control field | 00517nam a2200193 a 4500 |
| 001 - CONTROL NUMBER | |
| control field | 23783 |
| 005 - DATE AND TIME OF LATEST TRANSACTION | |
| control field | 20180713221910.0 |
| 008 - FIXED-LENGTH DATA ELEMENTS--GENERAL INFORMATION | |
| fixed length control field | 140415d 000 0 eng d |
| 020 ## - INTERNATIONAL STANDARD BOOK NUMBER | |
| International Standard Book Number | 0138404224 |
| 041 ## - LANGUAGE CODE | |
| Language code of text/sound track or separate title | eng |
| 082 ## - DEWEY DECIMAL CLASSIFICATION NUMBER | |
| Classification number | 639.9 |
| Item number | BOL |
| 100 1# - MAIN ENTRY--PERSONAL NAME | |
| Personal name | BOLEN, ERIC G. |
| 245 10 - TITLE STATEMENT | |
| Title | WILDLIFE ECOLOGY AND MANAGEMENT |
| 250 ## - EDITION STATEMENT | |
| Edition statement | 1a ed. |
| 260 ## - PUBLICATION, DISTRIBUTION, ETC. | |
| Place of publication, distribution, etc. | [s.l.] : |
| Name of publisher, distributor, etc. | PRENTICE HALL, |
| Date of publication, distribution, etc. | [s.f.] |
| 300 ## - PHYSICAL DESCRIPTION | |
| Extent | 605 |
| 650 14 - SUBJECT ADDED ENTRY--TOPICAL TERM | |
| Topical term or geographic name entry element | ECOLOGIA |
| General subdivision | ZOOLOGIA |
| -- | ADMINISTRACION |
| 700 1# - ADDED ENTRY--PERSONAL NAME | |
| Personal name | ROBINSON, WILLIAM L. |
| Relator term | coaut. |
| Withdrawn status | Lost status | Source of classification or shelving scheme | Damaged status | Not for loan | Collection code | Home library | Current library | Shelving location | Date acquired | Source of acquisition | Inventory number | Total Checkouts | Full call number | Barcode | Date last seen | Date last checked out | Price effective from | Koha item type |
|---|---|---|---|---|---|---|---|---|---|---|---|---|---|---|---|---|---|---|
| Dewey Decimal Classification | General | Biblioteca Karol Wojtyla | Biblioteca Karol Wojtyla | Sala general | 03/12/2013 | Compra | 151000000000000000009560 | 1 | 639.9 BOL | 44645 | 05/01/2026 | 25/08/2022 | 03/12/2013 | Libro | ||||
| Dewey Decimal Classification | General | Biblioteca Karol Wojtyla | Biblioteca Karol Wojtyla | Sala general | 03/12/2013 | Compra | 151000000000000000009559 | 1 | 639.9 BOL | 44644 | 05/01/2026 | 13/09/2024 | 03/12/2013 | Libro |